Microbial Threats to Health (Record no. 19073)
[ view plain ]
| 000 -LEADER | |
|---|---|
| fixed length control field | 00556nam a22001457a 4500 |
| 008 - FIXED-LENGTH DATA ELEMENTS--GENERAL INFORMATION | |
| fixed length control field | 211101b |||||||| |||| 00| 0 eng d |
| 020 ## - INTERNATIONAL STANDARD BOOK NUMBER | |
| International Standard Book Number | 030908864X |
| 050 ## - LIBRARY OF CONGRESS CALL NUMBER | |
| Classification number | RA643.5 |
| Item number | .M53 2003 c.1 |
| 245 ## - TITLE STATEMENT | |
| Title | Microbial Threats to Health |
| Remainder of title | Emergence, Detection, and Response |
| Statement of responsibility, etc. | Edited by Mark S. Smolinski, Margaret A. hamburg, and Joshua Lederberg |
| 260 ## - PUBLICATION, DISTRIBUTION, ETC. (IMPRINT) | |
| Place of publication, distribution, etc. | Washington, D.C. |
| Name of publisher, distributor, etc. | The National Academis Press |
| Date of publication, distribution, etc. | 2003 |
| 300 ## - PHYSICAL DESCRIPTION | |
| Extent | xxviii, 367p. |
| 650 ## - SUBJECT ADDED ENTRY--TOPICAL TERM | |
| Topical term or geographic name as entry element | Communicable diseases |
| Form subdivision | emerging epidemiology |
| 650 ## - SUBJECT ADDED ENTRY--TOPICAL TERM | |
| Topical term or geographic name as entry element | communicable disease control |
| 942 ## - ADDED ENTRY ELEMENTS (KOHA) | |
| Source of classification or shelving scheme | Library of Congress Classification |
| Koha item type | General Collection |
| Withdrawn status | Lost status | Source of classification or shelving scheme | Not for loan | Home library | Current library | Date acquired | Cost, normal purchase price | Total Checkouts | Full call number | Barcode | Date last seen | Price effective from | Koha item type |
|---|---|---|---|---|---|---|---|---|---|---|---|---|---|
| Library of Congress Classification | Kabarak, Main Campus | Kabarak, Main Campus | 01/11/2021 | 9243.00 | RA643.5 .M53 2003 c.1 | 031115 | 01/11/2021 | 01/11/2021 | General Collection | ||||
| Library of Congress Classification | Kabarak, Main Campus | Kabarak, Main Campus | 01/11/2021 | 9243.00 | RA643.5 .M53 2003 c.2 | 031116 | 01/11/2021 | 01/11/2021 | General Collection |